[Event "XVII C.to Italiano UISP A"]
[Site "Montecatini Terme ITA"]
[Date "1996.12.??"]
[Round "1"]
[White "Luciani, Valerio"]
[Black "Sarno, Spartaco"]
[WhiteElo "2180"]
[BlackElo "2410"]
[Result "1-0"]
[PlyCount "95"]
[EventDate "1996.12.04"]

1. e4 d6 2. d4 Nf6 3. Nc3 g6 4. Bc4 Bg7 5. Nge2 O-O 6. f3 c6 7. Be3 d5 8. exd5
cxd5 9. Bb3 Nc6 10. Qd2 e6 11. O-O-O Bd7 12. g4 Na5 13. h4 b5 14. Rdg1 b4 15.
Nd1 Nxb3+ 16. axb3 Qa5 17. Kb1 Rfc8 18. Bh6 Rc6 19. Bxg7 Ra6 20. c3 Qa2+ 21.
Kc1 Kxg7 22. h5 Qxb3 23. Qf4 Ba4 24. Kd2 Qc2+ 25. Ke3 Bb5 26. Re1 Bxe2 27. h6+
Kf8 28. Qxf6 e5 29. Qg7+ Ke7 30. Rxe2 Qc1+ 31. Kf2 e4 32. Qe5+ Re6 33. Qxd5 Rd8
34. Qc5+ Rdd6 35. Kg3 g5 36. Qf5 Rd5 37. Nf2 Rxf5 38. Rxc1 Rxf3+ 39. Kg2 bxc3
40. Rxc3 Rf4 41. Rce3 Rxh6 42. Rxe4+ Rxe4 43. Rxe4+ Kd7 44. Kf3 Rf6+ 45. Ke3
Rb6 46. Nd3 f6 47. Nc5+ Kd8 48. b3 1-0

[Event "XVII C.to Italiano UISP A"]
[Site "Montecatini Terme ITA"]
[Date "1996.12.??"]
[Round "1"]
[White "Monteleone, Antonio"]
[Black "Verrascina, Nicola"]
[WhiteElo "2200"]
[BlackElo "2080"]
[Result "1-0"]
[PlyCount "59"]
[EventDate "1996.12.04"]

1. d4 f5 2. Nc3 d5 3. Bg5 c6 4. Qd2 Nf6 5. f3 Nbd7 6. O-O-O b5 7. e3 e6 8. Kb1
Nb6 9. Nh3 b4 10. Ne2 Nc4 11. Qe1 Rb8 12. Nc1 Be7 13. e4 fxe4 14. fxe4 O-O 15.
Qh4 h6 16. e5 hxg5 17. Nxg5 Nh5 18. Qxh5 Bxg5 19. Bd3 Rf5 20. g4 Bxc1 21. gxf5
Qg5 22. Qe8+ Kh7 23. f6+ g6 24. Qf7+ Kh6 25. Rxc1 Nd2+ 26. Ka1 Nf3 27. Rhg1
Nxg1 28. Qg7+ Kh5 29. Qh7+ Qh6 30. Bxg6+ 1-0

[Event "XVII C.to Italiano UISP A"]
[Site "Montecatini Terme ITA"]
[Date "1996.12.??"]
[Round "1"]
[White "Ottavi, Marco"]
[Black "Tirabassi, Maurizio"]
[WhiteElo "1945"]
[BlackElo "2330"]
[Result "0-1"]
[PlyCount "88"]
[EventDate "1996.12.04"]

1. e4 c5 2. Nf3 e6 3. d4 cxd4 4. Nxd4 Nf6 5. Nc3 d6 6. Be2 Be7 7. O-O Nc6 8.
Be3 Bd7 9. f4 O-O 10. Bf3 Nxd4 11. Bxd4 Bc6 12. Kh1 Nd7 13. e5 dxe5 14. fxe5
Qc7 15. Qe2 a6 16. Bxc6 Qxc6 17. Ne4 Kh8 18. Rf3 Qd5 19. Rd1 Rad8 20. c4 Qc6
21. Rdf1 Kg8 22. Nf6+ Nxf6 23. exf6 Bxf6 24. Bxf6 gxf6 25. Rxf6 Rd4 26. Rxf7
Rxf7 27. Rxf7 Qxc4 28. Qxc4 Rxc4 29. Rf1 Rc2 30. Rb1 e5 31. Kg1 Kg7 32. a4 Kg6
33. b4 Kf5 34. b5 e4 35. bxa6 bxa6 36. Rf1+ Ke5 37. g4 e3 38. h4 Ke4 39. Rf7
Rc1+ 40. Kg2 e2 41. Re7+ Kd3 42. Rd7+ Kc3 43. Rc7+ Kb2 44. Rb7+ Ka3 0-1

[Event "XVII C.to Italiano UISP A"]
[Site "Montecatini Terme ITA"]
[Date "1996.12.??"]
[Round "1"]
[White "Pace, Roberto"]
[Black "Lagrotteria, Salvatore"]
[WhiteElo "1887"]
[BlackElo "2165"]
[Result "0-1"]
[PlyCount "99"]
[EventDate "1996.12.04"]

1. e4 c5 2. Nc3 Nc6 3. g3 g6 4. Bg2 Bg7 5. Nge2 d6 6. O-O e6 7. d3 Nge7 8. Bg5
h6 9. Bf4 O-O 10. Qd2 Kh7 11. Be3 Nd4 12. Nd1 Rb8 13. c3 Nxe2+ 14. Qxe2 b5 15.
d4 Qc7 16. dxc5 dxc5 17. Bf4 e5 18. Bd2 Be6 19. Ne3 Rbd8 20. b3 f5 21. exf5
gxf5 22. Rad1 Qa5 23. Bc1 a6 24. c4 e4 25. Bh3 bxc4 26. bxc4 Rd4 27. Qc2 Rfd8
28. Nd5 Nxd5 29. cxd5 R8xd5 30. Be3 Rxd1 31. Rxd1 c4 32. Rxd5 Qxd5 33. Bf1 c3
34. a4 a5 35. Bb5 Qb3 36. Qxb3 Bxb3 37. Bc1 h5 38. Kf1 Bh6 39. Bxh6 Kxh6 40.
Ke1 h4 41. Ke2 hxg3 42. hxg3 Kg5 43. Ke3 c2 44. Kd2 Kg4 45. Bd7 Kf3 46. Bxf5
Bxa4 47. Bg6 Bb3 48. Kc1 a4 49. Bh5+ Kxf2 50. g4 0-1

[Event "XVII C.to Italiano UISP A"]
[Site "Montecatini Terme ITA"]
[Date "1996.12.??"]
[Round "1"]
[White "Pastres, Roberto"]
[Black "Del Dotto, Riccardo"]
[WhiteElo "2215"]
[BlackElo "1989"]
[Result "1/2-1/2"]
[PlyCount "110"]
[EventDate "1996.12.04"]

1. d4 Nf6 2. c4 e6 3. Nc3 c5 4. e3 cxd4 5. exd4 d5 6. Nf3 Bb4 7. cxd5 exd5 8.
Bb5+ Bd7 9. Qe2+ Qe7 10. Ne5 Nc6 11. Nxd7 Qxe2+ 12. Bxe2 Kxd7 13. Be3 Ne4 14.
Rc1 f5 15. O-O Bxc3 16. bxc3 Na5 17. Bb5+ Ke6 18. Rfe1 Kf7 19. Bf4 Nf6 20. Bd6
Nc6 21. Bxc6 bxc6 22. Re7+ Kg6 23. f3 Rhd8 24. Bc5 a5 25. Rb1 Rd7 26. Rb7 Rxe7
27. Bxe7 Re8 28. Kf2 Nh5 29. Bd6 Re6 30. Be5 c5 31. Ra7 cxd4 32. cxd4 Rc6 33.
Rxa5 Rc2+ 34. Ke3 Rxg2 35. a4 f4+ 36. Bxf4 Nxf4 37. Kxf4 Rxh2 38. Rxd5 h5 39.
a5 Ra2 40. Rd6+ Kf7 41. a6 Ra5 42. d5 Ke7 43. Ke5 h4 44. Rb6 Kf7 45. Rb7+ Kg6
46. Rb4 Kh5 47. Ke6 Rxa6+ 48. d6 h3 49. Rb1 Kh4 50. Rh1 Kg3 51. Ke7 Ra3 52. d7
Re3+ 53. Kf7 Rxf3+ 54. Kxg7 Rd3 55. d8=Q Rxd8 1/2-1/2

[Event "XVII C.to Italiano UISP A"]
[Site "Montecatini Terme ITA"]
[Date "1996.12.??"]
[Round "1"]
[White "Rossignoli, Fabio"]
[Black "Voltolini, Mario"]
[WhiteElo "1701"]
[BlackElo "2185"]
[Result "0-1"]
[PlyCount "78"]
[EventDate "1996.12.04"]

1. d4 c5 2. e3 Nf6 3. Nf3 g6 4. Bd3 Bg7 5. Nbd2 b6 6. Qe2 O-O 7. O-O Bb7 8. c3
d6 9. b4 Nd5 10. Bb2 cxb4 11. c4 Nc7 12. Nb3 Nd7 13. Rac1 a5 14. Rfd1 a4 15.
Nbd2 d5 16. cxd5 Nxd5 17. Bb5 N7f6 18. Ne5 e6 19. Nc6 Bxc6 20. Bxc6 a3 21. Ba1
Rc8 22. Qb5 Qc7 23. Nb3 Qe7 24. Qe2 Rc7 25. g3 Rfc8 26. Bxd5 Nxd5 27. Rxc7 Rxc7
28. e4 Nc3 29. Bxc3 bxc3 30. Rc1 Qb4 31. e5 Qc4 32. Qe3 b5 33. f4 Bf8 34. Kf2
b4 35. Rc2 Rd7 36. Kf3 f6 37. Kf2 fxe5 38. fxe5 Rf7+ 39. Kg2 Qf1# 0-1

[Event "XVII C.to Italiano UISP A"]
[Site "Montecatini Terme ITA"]
[Date "1996.12.??"]
[Round "1"]
[White "Saccone, Fabio"]
[Black "Di Vincenzi, Renato"]
[WhiteElo "2200"]
[BlackElo "2128"]
[Result "1-0"]
[PlyCount "67"]
[EventDate "1996.12.04"]

1. e4 c5 2. Ne2 d6 3. d4 Nc6 4. c4 cxd4 5. Nxd4 Nf6 6. Nc3 g6 7. Be2 Bg7 8. Be3
Bd7 9. O-O Nxd4 10. Bxd4 Bc6 11. f3 O-O 12. Qd2 b6 13. Rad1 Rc8 14. Nd5 Bxd5
15. exd5 Qd7 16. Rfe1 Rc7 17. b3 h5 18. a4 Kh7 19. Bd3 Bh6 20. Qf2 Rh8 21. Re2
Kg8 22. Rde1 Bf8 23. Qh4 Kg7 24. h3 Rh7 25. f4 Kg8 26. f5 gxf5 27. Rf1 Ne4 28.
Rxf5 e5 29. dxe6 fxe6 30. Rxf8+ Kxf8 31. Bxe4 Rf7 32. Bg6 Qe7 33. Qxh5 Ke8 34.
Rf2 1-0

[Event "XVII C.to Italiano UISP A"]
[Site "Montecatini Terme ITA"]
[Date "1996.12.??"]
[Round "1"]
[White "Sedina, Elena"]
[Black "Oppici, Gabriele"]
[WhiteElo "2345"]
[BlackElo "2055"]
[Result "1-0"]
[PlyCount "43"]
[EventDate "1996.12.04"]

1. e4 g6 2. d4 Bg7 3. c3 d5 4. exd5 Qxd5 5. Nf3 Nf6 6. Be2 O-O 7. O-O c5 8.
dxc5 Qxc5 9. Be3 Qc7 10. Na3 Nc6 11. Nb5 Qb8 12. Qc1 Ng4 13. Bg5 a6 14. Na3
Nce5 15. Nxe5 Bxe5 16. h3 Bh2+ 17. Kh1 Nf6 18. f4 Ne4 19. Bh6 Bg3 20. Qe3 f5
21. Bc4+ e6 22. Qd4 1-0

[Event "XVII C.to Italiano UISP A"]
[Site "Montecatini Terme ITA"]
[Date "1996.12.??"]
[Round "1"]
[White "Tencati, Giuseppe"]
[Black "Mileto, Gabriele"]
[WhiteElo "2035"]
[BlackElo "2210"]
[Result "1/2-1/2"]
[PlyCount "42"]
[EventDate "1996.12.04"]

1. d4 d5 2. c4 c6 3. Nf3 Nf6 4. Nc3 e6 5. e3 Nbd7 6. Bd3 dxc4 7. Bxc4 b5 8. Bd3
a6 9. a4 Bb7 10. O-O b4 11. Ne4 c5 12. Nxc5 Bxc5 13. dxc5 Nxc5 14. Bc4 Qxd1 15.
Rxd1 O-O 16. a5 Bd5 17. Bxd5 Nxd5 18. Nd4 Rac8 19. Bd2 Nd3 20. Bc1 Nc5 21. Bd2
Nd3 1/2-1/2

[Event "XVII C.to Italiano UISP A"]
[Site "Montecatini Terme ITA"]
[Date "1996.12.??"]
[Round "1"]
[White "Tocchioni, Doriano"]
[Black "Bruno, Massimo"]
[WhiteElo "2260"]
[BlackElo "1984"]
[Result "1-0"]
[PlyCount "65"]
[EventDate "1996.12.04"]

1. d4 Nf6 2. Bg5 Ne4 3. Bf4 c5 4. d5 Qb6 5. Qc1 e6 6. c4 Bd6 7. Bxd6 Nxd6 8.
Nf3 O-O 9. e3 Qb4+ 10. Nc3 exd5 11. a3 Qa5 12. cxd5 Re8 13. Nd2 Qd8 14. Bd3 b6
15. O-O Ba6 16. Qc2 Bxd3 17. Qxd3 Qf6 18. Rae1 a6 19. Re2 Nb7 20. e4 d6 21. Qh3
Qd8 22. f4 Nd7 23. Qf3 Qf6 24. Kh1 b5 25. g4 g6 26. g5 Qg7 27. Qg3 c4 28. Nf3
Nbc5 29. e5 dxe5 30. fxe5 Nd3 31. Ne4 N7xe5 32. Nxe5 Rxe5 33. Nf6+ 1-0

[Event "XVII C.to Italiano UISP A"]
[Site "Montecatini Terme ITA"]
[Date "1996.12.??"]
[Round "1"]
[White "Unterthurner, Hans"]
[Black "Genovese, Maurizio"]
[WhiteElo "1863"]
[BlackElo "2265"]
[Result "1/2-1/2"]
[PlyCount "125"]
[EventDate "1996.12.04"]

1. e4 e5 2. Nf3 Nc6 3. Bb5 Bb4 4. O-O Nge7 5. c3 Ba5 6. d3 d6 7. Bg5 f6 8. Be3
O-O 9. Nbd2 Bb6 10. Nc4 Be6 11. Nxb6 axb6 12. Ba4 d5 13. Bc2 dxe4 14. dxe4 Qxd1
15. Rfxd1 Rfd8 16. Nd2 Na5 17. Kf1 Nc4 18. Nxc4 Bxc4+ 19. Ke1 Rxd1+ 20. Kxd1
Nc6 21. b3 Be6 22. Ke2 g5 23. g3 h6 24. h4 Kg7 25. hxg5 hxg5 26. f4 gxf4 27.
gxf4 Rh8 28. f5 Bf7 29. Rg1+ Kf8 30. Bf2 Na7 31. Bd3 Nc8 32. c4 Rh2 33. Kf3
Rh3+ 34. Bg3 Na7 35. Kg2 Rh7 36. Bf2 Rg7+ 37. Kf1 Rxg1+ 38. Bxg1 Ke8 39. c5
bxc5 40. Bxc5 b6 41. Be3 c5 42. Ke2 Kd7 43. Bc1 Kd6 44. Bd2 Nc6 45. Bh6 Ke7 46.
Kd2 Na5 47. Bb1 Bh5 48. Kc3 Nc6 49. a3 Be8 50. Bd3 Nd8 51. b4 Nb7 52. Be3 Bc6
53. bxc5 bxc5 54. Bc2 Kd7 55. Kc4 Nd6+ 56. Kxc5 Nxe4+ 57. Kb4 Nd6 58. Bc5 e4
59. a4 Nxf5 60. a5 Nd6 61. a6 Nc8 62. a7 f5 63. Be3 1/2-1/2

[Event "XVII C.to Italiano UISP A"]
[Site "Montecatini Terme ITA"]
[Date "1996.12.??"]
[Round "1"]
[White "Zucconi, Leandro"]
[Black "Rossi, Carlo"]
[WhiteElo "2140"]
[BlackElo "2320"]
[Result "0-1"]
[PlyCount "76"]
[EventDate "1996.12.04"]

1. d4 Nc6 2. Nf3 d6 3. e4 Nf6 4. Nbd2 Bg4 5. c3 e6 6. Bd3 Be7 7. h3 Bh5 8. O-O
d5 9. e5 Nd7 10. Re1 O-O 11. a3 a5 12. Qc2 Bg6 13. Bxg6 fxg6 14. c4 Nb6 15. c5
Nd7 16. Rb1 Rf4 17. Qd3 a4 18. Nf1 Rf8 19. Bd2 Rb8 20. b4 axb3 21. Rxb3 b6 22.
cxb6 Nxb6 23. Ne3 Ra8 24. Rc1 Na5 25. Bxa5 Rxa5 26. Qc3 Qa8 27. Qc6 Kf7 28.
Qxc7 Rc8 29. Ng5+ Ke8 30. Nxe6 Kf7 31. Ng5+ Kf8 32. Ne6+ Kg8 33. Rxb6 Rxc7 34.
Rxc7 Ra7 35. Rxa7 Qxa7 36. Nxd5 Bxa3 37. Rc6 Qd7 38. Nc5 Qxd5 0-1

[Event "XVII C.to Italiano UISP A"]
[Site "Montecatini Terme ITA"]
[Date "1996.12.??"]
[Round "2"]
[White "Arnetta, Benedetto"]
[Black "Caruso, Augusto"]
[WhiteElo "1609"]
[BlackElo "2210"]
[Result "0-1"]
[PlyCount "50"]
[EventDate "1996.12.04"]

1. e4 e5 2. Nf3 Nc6 3. Bb5 f5 4. d3 fxe4 5. dxe4 Nf6 6. Bg5 d6 7. Nc3 Be7 8.
Bxf6 Bxf6 9. Qd5 Bd7 10. O-O-O Qe7 11. a3 O-O-O 12. Qd3 Rhf8 13. Nd5 Qf7 14.
Ba6 Nd4 15. Bc4 Be6 16. Nxd4 exd4 17. Qb3 Kb8 18. f3 c6 19. Nb6 d5 20. exd5
cxd5 21. Bd3 axb6 22. Qxb6 Bc8 23. Kb1 Qc7 24. Qb4 g6 25. h4 Bf5 0-1

[Event "XVII C.to Italiano UISP A"]
[Site "Montecatini Terme ITA"]
[Date "1996.12.??"]
[Round "2"]
[White "Bartolozzi, Roberto"]
[Black "Falchetta, Giovanni"]
[WhiteElo "1902"]
[BlackElo "2205"]
[Result "0-1"]
[PlyCount "98"]
[EventDate "1996.12.04"]

1. d4 d5 2. Nf3 Bf5 3. c4 e6 4. Nc3 c6 5. Qb3 Qb6 6. c5 Qc7 7. g3 Nd7 8. Bf4
Qc8 9. Bg2 Ngf6 10. O-O h6 11. Qd1 Ne4 12. Nxe4 Bxe4 13. Nd2 Bxg2 14. Kxg2 e5
15. Bxe5 Nxe5 16. dxe5 Bxc5 17. Nb3 Bb6 18. Rc1 Qf5 19. f4 Qe4+ 20. Rf3 O-O 21.
Qd3 f6 22. exf6 Qxd3 23. exd3 gxf6 24. Re1 Rfe8 25. Rxe8+ Rxe8 26. Kf1 h5 27.
h3 Kf7 28. Nc1 Be3 29. Ne2 d4 30. Ke1 c5 31. Kd1 b5 32. b3 f5 33. Rf1 Rg8 34.
Rf3 Re8 35. Rf1 Ke6 36. Ng1 Rg8 37. Ne2 Kd5 38. Kc2 Rg6 39. Rf3 Re6 40. Rf1 Ra6
41. Kb2 c4 42. dxc4+ bxc4 43. bxc4+ Kxc4 44. Nc1 d3 45. Rd1 Rb6+ 46. Nb3 a5 47.
Ka3 a4 48. Kxa4 Ra6+ 49. Na5+ Kc3 0-1

[Event "XVII C.to Italiano UISP A"]
[Site "Montecatini Terme ITA"]
[Date "1996.12.??"]
[Round "2"]
[White "Beggi, Pierluigi"]
[Black "Unterthurner, Hans"]
[WhiteElo "2220"]
[BlackElo "1863"]
[Result "1-0"]
[PlyCount "51"]
[EventDate "1996.12.04"]

1. c4 Nf6 2. Nc3 d5 3. cxd5 Nxd5 4. g3 Nc6 5. Bg2 Nb6 6. Nf3 g6 7. d3 Bg7 8.
Bf4 O-O 9. Qd2 Re8 10. O-O Bg4 11. Rab1 Rb8 12. h3 Bf5 13. g4 Be6 14. Ng5 Bc8
15. Nge4 Nd4 16. Rfc1 a6 17. Nc5 e5 18. Bg5 Bf6 19. Bxf6 Qxf6 20. b4 Qh4 21. a4
h5 22. Qh6 Nd7 23. N5e4 Ne6 24. Nd5 c6 25. Ne3 Nf6 26. Nf5 1-0

[Event "XVII C.to Italiano UISP A"]
[Site "Montecatini Terme ITA"]
[Date "1996.12.??"]
[Round "2"]
[White "Bini, Lorenzo"]
[Black "Iatrino, Vincenzo"]
[WhiteElo "2200"]
[BlackElo "1971"]
[Result "1-0"]
[PlyCount "71"]
[EventDate "1996.12.04"]

1. b3 e5 2. Bb2 Nc6 3. e3 d6 4. g3 f5 5. Bg2 Nf6 6. Ne2 Be7 7. d4 e4 8. c4 Nb4
9. Nc1 a5 10. a3 Nc6 11. Nc3 O-O 12. N1e2 Be6 13. Nf4 Bf7 14. h4 Nb8 15. h5 c6
16. g4 Nxg4 17. Nxe4 Bh4 18. Rh3 Be7 19. Qe2 Re8 20. O-O-O Nd7 21. Rdh1 Bg5 22.
Nxg5 Qxg5 23. Qf1 Ndf6 24. Kb1 Ne4 25. Bxe4 Rxe4 26. d5 cxd5 27. cxd5 Qe7 28.
Rg3 Nf6 29. Rhg1 Be8 30. Ne6 Rxe6 31. dxe6 Bxh5 32. Rxg7+ Qxg7 33. Rxg7+ Kxg7
34. Qg2+ Bg6 35. Qg5 h6 36. Qg2 1-0

[Event "XVII C.to Italiano UISP A"]
[Site "Montecatini Terme ITA"]
[Date "1996.12.??"]
[Round "2"]
[White "Bruno, Massimo"]
[Black "Cecconi, Giovanni Alberto"]
[WhiteElo "1984"]
[BlackElo "2215"]
[Result "1/2-1/2"]
[PlyCount "101"]
[EventDate "1996.12.04"]

1. d4 f5 2. c4 Nf6 3. g3 g6 4. Bg2 Bg7 5. Nc3 d6 6. Nf3 O-O 7. O-O Nc6 8. d5
Ne5 9. Nxe5 dxe5 10. e4 f4 11. gxf4 exf4 12. e5 Ng4 13. e6 Ne5 14. Re1 c6 15.
Re4 g5 16. Qh5 h6 17. h4 Qe8 18. Qxe8 Rxe8 19. hxg5 hxg5 20. Bd2 Rd8 21. Rd1
Rb8 22. a4 cxd5 23. cxd5 b6 24. Bc1 Bb7 25. Rb4 Rbc8 26. Be4 Nc4 27. Nb5 a6 28.
Na7 Rc5 29. b3 Nd6 30. Rxb6 Nxe4 31. Rxb7 Rcxd5 32. Rxd5 Rxd5 33. Rd7 Nf6 34.
Rxd5 Nxd5 35. Ba3 Kf8 36. Nc6 Bf6 37. f3 Nc7 38. b4 Ke8 39. Nb8 Kd8 40. Nc6+
Kc8 41. b5 axb5 42. axb5 Nxb5 43. Bxe7 Bxe7 44. Nxe7+ Kd8 45. Nc6+ Ke8 46. Kg2
Nc7 47. Kh3 Nxe6 48. Kg4 Kf7 49. Kf5 Kg7 50. Kxe6 g4 51. Nd4 1/2-1/2

[Event "XVII C.to Italiano UISP A"]
[Site "Montecatini Terme ITA"]
[Date "1996.12.??"]
[Round "2"]
[White "Corvi, Marco"]
[Black "Caposciutti, Maurizio"]
[WhiteElo "2185"]
[BlackElo "2305"]
[Result "1/2-1/2"]
[PlyCount "105"]
[EventDate "1996.12.04"]

1. c4 e5 2. Nc3 Nf6 3. Nf3 Nc6 4. e3 Bb4 5. Qc2 O-O 6. Nd5 Re8 7. Qf5 d6 8.
Nxf6+ gxf6 9. Qh5 d5 10. cxd5 Qxd5 11. Be2 Be6 12. O-O e4 13. Qxd5 Bxd5 14. Ne1
Be6 15. a3 Bd6 16. d4 Na5 17. Bd2 Nb3 18. Rd1 f5 19. g3 c5 20. dxc5 Be5 21. Bc3
Bxc3 22. bxc3 Nxc5 23. Ng2 Na4 24. Bb5 Nxc3 25. Bxe8 Nxd1 26. Bxf7+ Kxf7 27.
Rxd1 Rc8 28. Nf4 Ke7 29. Rd4 b5 30. g4 Rb8 31. gxf5 Bxf5 32. Nd5+ Ke6 33. Nc3
Ke5 34. Rd5+ Ke6 35. Rxb5 Rc8 36. Ne2 Bg4 37. Nd4+ Kf6 38. Kg2 Rg8 39. Kf1 Rc8
40. Kg2 Rg8 41. Kf1 h5 42. h4 Rc8 43. Kg2 Rg8 44. Kf1 Rc8 45. Ra5 Rc7 46. Kg2
Rg7 47. Ra6+ Ke5 48. Kf1 Kd5 49. Ke1 Kc4 50. Rc6+ Kd5 51. Ra6 Kc4 52. Rc6+ Kd5
53. Ra6 1/2-1/2

[Event "XVII C.to Italiano UISP A"]
[Site "Montecatini Terme ITA"]
[Date "1996.12.??"]
[Round "2"]
[White "Del Dotto, Riccardo"]
[Black "Adinolfi, Vincenzo"]
[WhiteElo "1989"]
[BlackElo "2165"]
[Result "0-1"]
[PlyCount "96"]
[EventDate "1996.12.04"]

1. e4 c5 2. Nc3 Nc6 3. g3 g6 4. Bg2 Bg7 5. d3 e6 6. Be3 d6 7. Qd2 Nd4 8. Nd1 e5
9. c3 Ne6 10. f4 Ne7 11. Nf3 O-O 12. c4 Nd4 13. O-O Nec6 14. Nc3 Rb8 15. Nd5 b5
16. fxe5 Nxf3+ 17. Bxf3 Nxe5 18. cxb5 Rxb5 19. Bg5 f6 20. Be3 Be6 21. Nc3 Rb8
22. b3 Nc6 23. d4 cxd4 24. Bxd4 Nxd4 25. Qxd4 f5 26. Qd3 Qb6+ 27. Kh1 fxe4 28.
Bxe4 Qc5 29. Na4 Qe5 30. Rad1 Rxf1+ 31. Rxf1 d5 32. Bg2 d4 33. Nb2 Qe3 34. Qd1
Bf5 35. Nc4 Qc3 36. Nd6 Rf8 37. Bd5+ Kh8 38. Nf7+ Rxf7 39. Bxf7 Be4+ 40. Kg1
Qe3+ 41. Rf2 d3 42. Kf1 Bc3 43. Bc4 d2 44. Qe2 Qd4 45. Rf8+ Kg7 46. Rf7+ Kh6
47. Rd7 Qxd7 48. Qe3+ g5 0-1

[Event "XVII C.to Italiano UISP A"]
[Site "Montecatini Terme ITA"]
[Date "1996.12.??"]
[Round "2"]
[White "Di Vincenzi, Renato"]
[Black "Zucconi, Leandro"]
[WhiteElo "2128"]
[BlackElo "2140"]
[Result "0-1"]
[PlyCount "90"]
[EventDate "1996.12.04"]

1. Nf3 Nf6 2. c4 e6 3. g3 b6 4. Bg2 Bb7 5. Nc3 Be7 6. d4 O-O 7. O-O Ne4 8. d5
Nxc3 9. bxc3 Na6 10. Nd4 Nc5 11. e4 d6 12. Re1 Bf6 13. f4 e5 14. fxe5 Bxe5 15.
Bf4 Re8 16. Qf3 Qf6 17. Rad1 g6 18. Bxe5 Qxe5 19. Rf1 Re7 20. Rde1 Rae8 21. Re2
Qg7 22. Rfe1 Nd7 23. Re3 Ne5 24. Qe2 Bc8 25. h3 Qh6 26. g4 Ba6 27. Nc6 Nxc6 28.
dxc6 Qg5 29. Bf1 Qc5 30. Qf2 Bxc4 31. Bxc4 Qxc4 32. Qf6 Qc5 33. Kg2 Qxc6 34.
Rf3 Qc4 35. Kg3 Qe6 36. Qh4 Qe5+ 37. Kg2 d5 38. Rfe3 Qf4 39. Rf3 Qd2+ 40. Kf1
Rxe4 41. Rxe4 dxe4 42. Rxf7 Kxf7 43. Qxh7+ Kf6 44. h4 Qf4+ 45. Ke1 Qxg4 0-1

[Event "XVII C.to Italiano UISP A"]
[Site "Montecatini Terme ITA"]
[Date "1996.12.??"]
[Round "2"]
[White "Fabiano, Giuseppe"]
[Black "Efimov, Igor"]
[WhiteElo "2240"]
[BlackElo "2510"]
[Result "1/2-1/2"]
[PlyCount "95"]
[EventDate "1996.12.04"]

1. Nf3 d5 2. g3 Nf6 3. Bg2 c6 4. O-O Bf5 5. b3 h6 6. c4 e6 7. d3 Be7 8. Ba3 O-O
9. Qc1 a5 10. Bxe7 Qxe7 11. Nc3 Na6 12. Qe3 Rfd8 13. cxd5 cxd5 14. Rfc1 Nb4 15.
Nd4 Bg6 16. Bh3 e5 17. Na4 Qe8 18. Nf5 d4 19. Qf3 Nbd5 20. Nc5 Ra7 21. Nh4 b6
22. Ne4 Bxe4 23. dxe4 Nc3 24. Nf5 Nfxe4 25. Bg2 Qe6 26. Qg4 Qg6 27. Qh4 Nf6 28.
e4 Ne2+ 29. Kh1 Nxc1 30. Rxc1 Qg5 31. Qxg5 hxg5 32. Rc6 d3 33. Bf3 a4 34. Bd1
Nxe4 35. Kg2 b5 36. Bg4 b4 37. Bd1 Nc3 38. Bg4 g6 39. Ne3 f5 40. Bf3 e4 41.
Rxg6+ Kf7 42. Bh5 Rh8 43. Rh6+ Kg7 44. Nxf5+ Kg8 45. Rg6+ Kh7 46. Rh6+ Kg8 47.
Rg6+ Kf8 48. Rf6+ 1/2-1/2

[Event "XVII C.to Italiano UISP A"]
[Site "Montecatini Terme ITA"]
[Date "1996.12.??"]
[Round "2"]
[White "Genovese, Maurizio"]
[Black "Tencati, Giuseppe"]
[WhiteElo "2265"]
[BlackElo "2035"]
[Result "1-0"]
[PlyCount "63"]
[EventDate "1996.12.04"]

1. d4 d5 2. c4 c6 3. Nf3 Nf6 4. Nc3 e6 5. cxd5 cxd5 6. Bf4 a6 7. e3 Nbd7 8. Bd3
b5 9. O-O Bb7 10. Ne5 Be7 11. Qf3 O-O 12. Qh3 Re8 13. f3 Rc8 14. Rf2 Nf8 15. g4
N6d7 16. Nxd7 Qxd7 17. g5 Bc6 18. Ne2 a5 19. Ng3 b4 20. Nh5 Ng6 21. Be5 Bf8 22.
Rd1 Ba4 23. b3 Bb5 24. Bxg7 Bxg7 25. Nf6+ Bxf6 26. gxf6 Kh8 27. Bxb5 Qxb5 28.
Qh6 Rg8 29. Rg2 Qb6 30. h4 Nxh4 31. Rg7 Nxf3+ 32. Kh1 1-0

[Event "XVII C.to Italiano UISP A"]
[Site "Montecatini Terme ITA"]
[Date "1996.12.??"]
[Round "2"]
[White "Lagrotteria, Salvatore"]
[Black "Passerotti, Pierluigi"]
[WhiteElo "2165"]
[BlackElo "2290"]
[Result "0-1"]
[PlyCount "52"]
[EventDate "1996.12.04"]

1. Nf3 f5 2. d4 Nf6 3. c4 g6 4. Nc3 Bg7 5. Bg5 Ne4 6. h4 c5 7. Nxe4 fxe4 8. Nd2
cxd4 9. Nxe4 d5 10. cxd5 Qxd5 11. Nd2 h6 12. e4 Qd6 13. Qc2 Be6 14. Nc4 Bxc4
15. Qxc4 hxg5 16. Qc8+ Kf7 17. Bc4+ e6 18. Qxb7+ Nd7 19. Bb5 Rhd8 20. Bxd7 Qxd7
21. Qxd7+ Rxd7 22. hxg5 d3 23. Kd2 Rc8 24. Rad1 Rc2+ 25. Ke3 Re2+ 26. Kf3 Rxb2
0-1

[Event "XVII C.to Italiano UISP A"]
[Site "Montecatini Terme ITA"]
[Date "1996.12.??"]
[Round "2"]
[White "Luciani, Valerio"]
[Black "Tocchioni, Doriano"]
[WhiteElo "2180"]
[BlackElo "2260"]
[Result "1-0"]
[PlyCount "111"]
[EventDate "1996.12.04"]

1. d4 c5 2. d5 e5 3. e4 d6 4. Nc3 a6 5. a4 Nf6 6. Nge2 Be7 7. Ng3 O-O 8. Be2
Nbd7 9. Nf5 Re8 10. Nxe7+ Qxe7 11. O-O Nf8 12. Re1 Ng6 13. Bf1 Bg4 14. f3 Bd7
15. Be3 b6 16. Qd2 Reb8 17. Reb1 Qe8 18. b4 Qc8 19. b5 a5 20. Nd1 h5 21. Nb2 h4
22. Nc4 Qf8 23. Bd3 Nh5 24. c3 Qe7 25. Kf1 Rb7 26. Ke1 Rf8 27. Kd1 Ngf4 28. Bf1
f5 29. Kc2 Be8 30. g3 hxg3 31. hxg3 Nxg3 32. Bxf4 exf4 33. Qxf4 Nxf1 34. Rxf1
fxe4 35. Qxd6 Qg5 36. fxe4 Qg2+ 37. Nd2 Rbf7 38. Rg1 Qe2 39. Rae1 Qh5 40. Rh1
Qg5 41. Reg1 Qe3 42. Qh2 Qxd2+ 43. Qxd2 Rf2 44. Rh2 Rxd2+ 45. Rxd2 Rf4 46. Re2
Bh5 47. Ree1 Rf2+ 48. Kd3 Kf7 49. e5 Rf3+ 50. Kc4 Rf4+ 51. Kb3 Bg4 52. Ref1 Bf3
53. c4 Rf5 54. Rg3 Be4 55. Rxf5+ Bxf5 56. Rf3 1-0

[Event "XVII C.to Italiano UISP A"]
[Site "Montecatini Terme ITA"]
[Date "1996.12.??"]
[Round "2"]
[White "Maran, Walter"]
[Black "Magalotti, Andrea"]
[WhiteElo "1701"]
[BlackElo "2100"]
[Result "0-1"]
[PlyCount "70"]
[EventDate "1996.12.04"]

1. e4 e5 2. Nf3 Nc6 3. Bb5 Nf6 4. O-O Nxe4 5. d4 Be7 6. dxe5 O-O 7. c3 d5 8. h3
Bf5 9. Be3 f6 10. Bxc6 bxc6 11. Nd4 Qd7 12. Nxf5 Qxf5 13. exf6 Rxf6 14. Qg4
Qxg4 15. hxg4 a5 16. Bd4 Re6 17. Rd1 Rb8 18. b3 c5 19. Be3 Rc6 20. Bd2 Bf6 21.
Be1 d4 22. f3 dxc3 23. fxe4 c2 24. Na3 cxd1=Q 25. Rxd1 Bd4+ 26. Kh2 Rh6+ 27.
Kg3 Rf8 28. g5 Be5+ 29. Kg4 Rf4+ 30. Kg3 Rh1 31. Nc4 Rxe4+ 32. Nxe5 Rxe5 33.
Rd8+ Kf7 34. Bxa5 c4 35. Bd2 c3 0-1

[Event "XVII C.to Italiano UISP A"]
[Site "Montecatini Terme ITA"]
[Date "1996.12.??"]
[Round "2"]
[White "Nannelli, Paolo"]
[Black "Pace, Roberto"]
[WhiteElo "2265"]
[BlackElo "1887"]
[Result "1-0"]
[PlyCount "99"]
[EventDate "1996.12.04"]

1. Nf3 Nf6 2. g3 b6 3. Bg2 Bb7 4. O-O e6 5. d3 d6 6. e4 Be7 7. Nbd2 Nbd7 8. a4
O-O 9. Qe2 c5 10. Ne1 Qc7 11. f4 Rad8 12. g4 Ne8 13. Nef3 Nb8 14. Re1 Nc6 15.
c3 Na5 16. Rb1 Ba6 17. b4 cxb4 18. cxb4 Qc2 19. Bf1 Qxa4 20. bxa5 Qxa5 21. Nb3
Qb5 22. Qa2 Bc8 23. Qxa7 Rd7 24. Qa2 Rb7 25. Nbd4 Qd7 26. Nb5 Bd8 27. Be3 Nf6
28. Qg2 Rb8 29. g5 Ne8 30. Qf2 f6 31. h4 fxg5 32. hxg5 g6 33. Bh3 Ng7 34. Qa2
Qe7 35. Nfd4 Bd7 36. f5 gxf5 37. exf5 Nh5 38. Nxe6 Qf7 39. Nxd6 Bxe6 40. fxe6
Qe7 41. Nf5 Rxf5 42. Bxf5 Bc7 43. g6 h6 44. Qc4 Ng3 45. Bh3 Rf8 46. Ra1 Be5 47.
Bd4 Bd6 48. Bxb6 Bb8 49. Bc5 Qb7 50. e7+ 1-0